LDR 00964naa#a2200181#i#450# 001 RU\RIOR\bibl\126048 005 20260629120430.1 011 ## _a2409-6024 100 ## _a20260530b2026####ek#y0rusy0150####ca 102 ## _aRU 200 1# _aТеоретические вопросы повышения эффективности деятельности органов местного самоуправления России _eЖурнальная статья 210 1# _aМосква _cООО "Издательский Центр РИОР" _d2026 215 ## _a24 с. 608 ## _aЖурнальная статья _2local 675 ## _aЭкономика. Народное хозяйство. Экономические науки. 33 _z 686 ## _aТерриториальная структура экономики. Региональная и городская экономика. 06.61 _2grnti 700 #1 _aСыров _gАндрей Николаевич 856 4# _ariorpub.com _u